Makroikonomičeski aspekti na vanšnopazarnoto adaptirane na proizvodstvoto.
Ekonomické reformy vo východoeurópskych krajinách zahŕňajú adaptáciu výrobných štruktúr nielen na vnútorné, ale i zahraničné trhové podmienky. Adaptácia na zahraničné trhy má prvoradý význam pre privatizujúce sa výrobné a obchodné podniky. Pokus o analýzu a vyjasnenie možných makroekonomických výsle...
Salvato in:
| Autore principale: | |
|---|---|
| Natura: | Capitolo di libro |
| Lingua: | bulgaro |
| Soggetti: | |
| Tags: |
Nessun Tag, puoi essere il primo ad aggiungerne!!
|
MARC
| LEADER | 00000naa a2200000 4500 | ||
|---|---|---|---|
| 001 | r009778 | ||
| 005 | 20221125115006.5 | ||
| 041 | 0 | |a bul | |
| 044 | |a BG | ||
| 245 | 1 | 0 | |a Makroikonomičeski aspekti na vanšnopazarnoto adaptirane na proizvodstvoto. |c V. Ivanova |
| 520 | |a Ekonomické reformy vo východoeurópskych krajinách zahŕňajú adaptáciu výrobných štruktúr nielen na vnútorné, ale i zahraničné trhové podmienky. Adaptácia na zahraničné trhy má prvoradý význam pre privatizujúce sa výrobné a obchodné podniky. Pokus o analýzu a vyjasnenie možných makroekonomických výsledkov adaptácie na zahraničné trhy a určenie zahranično-ekonomickej stratégie Bulharska. | ||
| 610 | 2 | 0 | |a reformy hospodárske |
| 610 | 2 | 0 | |a východná Európa |
| 610 | 2 | 0 | |a trh zahraničný |
| 610 | 2 | 0 | |a adaptácia |
| 610 | 2 | 0 | |a privatizácia |
| 610 | 2 | 0 | |a podnik obchodný |
| 610 | 2 | 0 | |a podnik výrobný |
| 610 | 2 | 0 | |a stratégia hospodárska |
| 610 | 2 | 0 | |a BR |
| 610 | 2 | 0 | |a vývoz |
| 100 | 1 | |a Ivanova, V. | |